Statistics for Tough Game Of Thrones Quiz

Click here to take the quiz!

General Stats

  • This quiz has been taken 129 times
  • The average score is 11 of 22

Answer Stats

QuestionAnswer% Correct
What creature killed Robert Baratheon?boar
96%
Who was the Tully being married at the Red Wedding?edmure
86%
What were the mad kings final words? (according to Jamie Lannister)?burn them all
85%
What weapon did Oberyn Martell use during his trial by combat?spear
85%
What was the occupation of Sir Ilyn Payne?executioner
75%
Where does Lyanna Mormont live?Bear Island
74%
Which Kings Guard wanted 'younger' girls?Meryn Trant
69%
What was Sir Sandor Clegane's nickname for Sansa Stark?little bird
68%
Who cut off Jamie Lannisters hand?Locke
59%
What do thenns eat?humans
52%
What city did Tywin Lannister flood in the Reyne-Tarbeck rebellion?castamere
45%
Which northern house abandoned Robb Stark after he executed their lord?house karstark
45%
What 'Lannister' was killed when the Great Sept was ignited with wildfire?Kevan Lannister
44%
What is the seat of House Tarly?horn hill
41%
What creature ultimately killed Thoros of Myr?bear
40%
Who was the leader of the Stone Crows hill tribe? (first name)Shagga
32%
Who killed Smalljon Umber?Tormund
31%
What did Ramsay Bolton eat in front of Theon Greyjoy after his castration?pork sausage
28%
What siege caused Theon Greyjoy to be taken to Winterfell as a child?siege of pyke
27%
Who is Lord of Runestone and a powerful bannerman for house Arryn and Stark?Yohn Royce
27%
What famous battle resulted in Robert Bartheons only defeat during Robert's Rebellion?battle of ashford
6%
What battle condemned 2000 northmen to their deaths?battle of the green fork
6%

Score Distribution

Percentile by Number Answered

Percent of People with Each Score

Your Score History

You have not taken this quiz